Co mierzymy szklankami w przepisach kulinarnych? - Statystyki

Ogólne statystyki
  • Ten quiz został rozwiązany 17 razy
  • Średni wynik to 5 z 8
Statystyki odpowiedzi
Hint Odpowiedź % Poprawnych
5. Cukier
94%
6. Mąka
94%
2. Mleko
88%
1. Woda
88%
3. Olej
76%
4. Ryż
35%
7. Śmietana
35%
8. Cukier Puder
29%
Nie znaleziono quizów pasujących do podanych kryteriów
Rozkład punktacji
Procent ludzi z każdym wynikiem
Percentyl według liczby udzielonych odpowiedzi
Twoja historia wyników
Nie rozwiązałeś tego quizu